| 000 | 00738nam a2200217 a 4500 | ||
|---|---|---|---|
| 005 | 20240924070320.0 | ||
| 008 | 021028s1985 mx r 000 0 spa d | ||
| 020 | _a9684960824 | ||
| 035 | _aUPN01000120521 | ||
| 049 | _aCG | ||
| 050 | 4 |
_aHN5 _bC2.3 no.127 |
|
| 100 | 1 | _aHiguera Bonfil, Antonio | |
| 245 | 1 | 0 |
_aAntropología social de la economía en el sureste de México / _cAntonio Higuera Buenfil, Ma. del Rayo A. Campos Solano. |
| 260 |
_aMéxico : _bCIESAS, _c1985. |
||
| 300 | _a129 p. | ||
| 440 | 0 |
_aCuadernos de la casa chata ; _v127 |
|
| 500 | _a"Programa cultural de las fronteras, Serie : Frontera Sur, Volumen 4" | ||
| 650 | 2 |
_aEtnología _94794 |
|
| 700 | 1 |
_aCampos Solano, María del Rayo A. _ecoaut. |
|
| 905 | _aLibro | ||
| 999 |
_c92855 _d92855 |
||